| 000 | 01301nam a22002297a 4500 | ||
|---|---|---|---|
| 003 | BD-DhJNU | ||
| 005 | 20260409044941.0 | ||
| 008 | 260409b |||||||| |||| 00| 0 eng d | ||
| 020 | _a9789848830550 | ||
| 040 |
_aBD-DhJNU _bBen _cBD-DhJNU _dBD-DhJNU |
||
| 082 |
_223 _a956.94 |
||
| 242 |
_aPalestine, the slaughterhouse : _bthe shameful story of Jewish nationalism and imperialism / _cUpdate Study Group (Editor) |
||
| 245 |
_a বধ্যভূমি প্যালেস্টাইন : _bইহুদিজাতিবাদ ও সাম্রাজ্যবাদের কলঙ্কিত কাহিনি / _cআপডেট স্টাডি গ্রুপ (সম্পাদক) |
||
| 260 |
_aঢাকা : _bদিব্য প্রকাশ, _c2024. |
||
| 300 |
_a১৩৪ পৃ. : _bচিত্র ; _c২২ সেমি.। |
||
| 504 | _aগ্রন্থপঞ্জিগত নির্দেশিকা ও নিঘন্ট অন্তভূক্ত | ||
| 650 | _aIsrael-Palestine Conflict | ||
| 650 | _aইসরায়েল-প্যালেস্টাইন দ্বন্দ্ব | ||
| 650 | _aPolitical Violence -- Palestine | ||
| 650 | _aরাজনৈতিক সহিংসতা -- প্যালেস্টাইন | ||
| 942 |
_2ddc _cBK _n0 |
||
| 999 |
_c2664 _d2664 |
||